Loading...
| Science - Biology | 0 | 4 | 1 | 0 | 35 | 54 | 70.50 | 0 | 0 | 11.47 | 13.48 |
| History - Other | 0 | 3 | 0 | 1 | 30 | 72 | 90.00 | 0 | 1 | 4.36 | 11.36 |
| Religion | 0 | 3 | 0 | 3 | 30 | 99 | 105.00 | 0 | 0 | 0.00 | 3.18 |
| Literature - British | 0 | 3 | 0 | 0 | 30 | 76 | 92.00 | 0 | 0 | 4.89 | 10.10 |
| Current Events | 0 | 2 | 0 | 0 | 20 | 68 | 81.00 | 1 | 2 | 10.61 | 33.33 |
| History - American | 0 | 2 | 0 | 1 | 20 | 74 | 99.50 | 0 | 1 | 3.53 | 5.56 |
| Literature - World | 0 | 2 | 0 | 0 | 20 | 55 | 81.50 | 0 | 1 | 5.06 | 10.10 |
| Science - Physics | 0 | 2 | 0 | 0 | 20 | 51 | 69.00 | 0 | 1 | 6.97 | 5.86 |
| Social Science | 0 | 2 | 1 | 1 | 15 | 52 | 80.50 | 0 | 1 | 6.59 | 11.27 |
| Philosophy | 0 | 1 | 0 | 0 | 10 | 72 | 72.00 | 0 | 0 | 3.59 | 2.08 |
| Fine Arts - Painting and Sculpture | 0 | 1 | 0 | 0 | 10 | 75 | 75.00 | 0 | 0 | 3.72 | 4.04 |
| Fine Arts - Other | 0 | 1 | 0 | 0 | 10 | 75 | 75.00 | 0 | 1 | 3.06 | 4.04 |
| Science - Chemistry | 0 | 1 | 0 | 0 | 10 | 90 | 90.00 | 0 | 0 | 1.22 | 3.03 |
| Science - Other | 0 | 1 | 0 | 1 | 10 | 110 | 110.00 | 0 | 0 | 0.00 | 2.02 |
| History - European | 0 | 1 | 0 | 0 | 10 | 71 | 71.00 | 0 | 0 | 2.94 | 2.27 |
| Geography | 0 | 1 | 0 | 0 | 10 | 101 | 101.00 | 0 | 0 | 0.00 | 1.43 |
| History - World | 0 | 1 | 0 | 0 | 10 | 102 | 102.00 | 0 | 0 | 0.58 | 3.03 |